Liste des noms de Pokémon finissant par U - Statistiques

Statistiques générales
  • Ce quiz a été pris 69 fois
  • Le résultat moyen est 20 sur 46
Statistiques - réponses
Pokémon % Correct
Grodoudou
74%
Rondoudou
74%
Toudoudou
74%
Natu
70%
Pichu
70%
Pikachu
70%
Raichu
70%
Xatu
70%
Dinglu
63%
Chimpenfeu
59%
Yuyu
59%
Barpau
56%
Dracaufeu
56%
Galifeu
52%
Léboulérou
52%
Poussifeu
52%
Raikou
52%
Pachirisu
48%
Matoufeu
44%
Riolu
44%
Flamiaou
41%
Lippoutou
41%
Goupilou
37%
Rongrigou
37%
Sovkipou
37%
Togedemaru
37%
Triopikeau
37%
Voltoutou
37%
Bouldeneu
33%
Brindibou
33%
Chinchidou
33%
Gobou
33%
Saquedeneu
33%
Taupikeau
33%
Flamajou
30%
Bombydou
26%
Colombeau
26%
Feuillajou
26%
Flotajou
26%
Hélionceau
26%
Racaillou
26%
Serpente-Eau
26%
Ceribou
22%
Sablaireau
22%
Ampibidou
19%
Sapereau
15%
Aucun quiz correspondant
Distribution des résultats
% des personnes avec chaque résultat
Percentile par nombre de réponses
Votre historique - résultats
Vous n’avez pas pris ce quiz